000 01052nam a2200325 i 4500
003 EG-GICUC
005 20260422122813.0
008 260422s1980 fr fr|||| 000 0 fre d
040 _aEG-GiCUC
_bfre
_cEG-GiCUC
_dEG-GiCUC
_eRda
041 0 _afre
082 0 4 _221
_a343.6
_bPI . C
092 0 4 _221
099 _aLaw1 10 343.6 PI . C 1980
100 1 _aPinatel, Jean
_eAuteur
245 1 3 _aLa criminologie :
_bbilan et perspectives /
_cJean Pinatel
264 1 _aParis :
_bÉditions A. Pedone,
_c1980.
300 _a272 page ;
_c 24 cm.
_billustration ;
336 _2rda contenu
_a texte
337 _2rda medias
_aOrdinateur
338 _2 transporteur rda
_a Ressource en ligne
504 _aComprend des références bibliographiques et un index.
546 _aTexte en français
650 1 4 _aDroit pénal
_2qrmak
651 1 _2qrmak
700 1 _aGreffe, François
_eAuteur
700 1 _aCalleux, Philippe
_ePréfacier
856 4 0 _uhttps://fll.law.cu.edu.eg/fulltext/bks/B10-10572.pdf
905 _a74
942 _2ddc
_cBK
_e21
_n0
999 _c72814
_d72814